عرض عادي
عرض مارك
- Orbit
مدخل مصطلح موضوعي
001 - رقم الضبط
- حقل الضبط: 74385
003 - معرف رقم الضبط
- حقل الضبط: OSt
005 - تاريخ ووقت أخر عملية
- حقل الضبط: 20190821084538.0
008 - عناصر بيانات ثابتة الطول
- حقل تحكم ثابت الطول: 190821|| aca||aabn | a|a d
040 ## - مصدر الفهرسة
- هيئة الفهرسة الأصلية: OSt
- وكالة الكتابة: OSt
150 ## - مدخل-- مصطلح تاريخي
- عنصر مدخل المصطلح الموضوعي او الاسم الجغرافي: Orbit
- تفريع عام: surgery
670 ## - بيانات المصدر موجوده
- الاستشهاد بالمصدر: Work cat.: (OSt)0: Endoscopic surgery of the orbit :
